| 000 | 00411nam a2200169Ia 4500 | ||
|---|---|---|---|
| 008 | 230512s1994 xx 000 0 und d | ||
| 041 | _aeng | ||
| 100 | _aLOBO E L | ||
| 245 | _aGETTING THINGS DONE : STRATEGIES FOR SUCCESS | ||
| 250 | _a1 | ||
| 260 |
_bGLOBAL BUSINESS PRESS , NEW DELHI _c1994 |
||
| 300 | _a278 | ||
| 365 | _b374 | ||
| 500 | _aPaper Back | ||
| 520 | _aGeneral | ||
| 650 | _aGeneral Book | ||
| 999 |
_c395578 _d395578 |
||